Jennifer Garner Filmography - Statistics

General Stats
  • This quiz has been taken 76 times
    18 since last reset
  • The average score is 10 of 115
Answer Stats
Type Year Name % Correct
Film 2004 13 Going on 30
75%
Film 2005 Elektra
63%
TV Show 2001-2006 Alias
50%
Video Game 2004 Alias
50%
Film 2003 Daredevil
50%
Film 2024 Deadpool & Wolverine
50%
Award Show 2004 The 76th Annual Academy Awards
50%
Film 2007 Juno
38%
TV Show 2003, 2013 Saturday Night Live
38%
TV Show 2003 The Simpsons
38%
Film 2006 Catch and Release
25%
Film 2002 Catch Me If You Can
25%
Film 2023 Family Switch
25%
TV Show 1996 Law & Order
25%
Film 2001 Pearl Harbor
25%
Film 2022 The Adam Project
25%
Web Series TBA The Five-Star Weekend
25%
Film 2011 Arthur
13%
Film 2011 Butter
13%
TV Show 2018 Camping
13%
Commercial 2014-Present Capital One
13%
Film 2015 Danny Collins
13%
TV Mini-Series 1996 Dead Man's Walk
13%
Film 1997 Deconstructing Harry
13%
Documentary Series 2004 Diary
13%
Film 2014 Draft Day
13%
Film 2000 Dude, Where's My Car?
13%
TV Show 1998 Fantasy Island
13%
Film 2009 Ghosts of Girlfriend's Past
13%
TV Film 1996 Harvest of Fire
13%
Web Series 2018-2019 Llama Llama
13%
Film 2018 Love, Simon
13%
Film 2014 Men, Women & Children
13%
Film 2016 Miracles from Heaven
13%
Film 2016 Mother's Day
13%
Film 1997 Mr. Magoo
13%
Film 2016 Nine Lives
13%
TV Show 2023 Party Down
13%
Film 2018 Peppermint
13%
TV Film 1997 Rose Hill
13%
Film 2001 Stealing Time
13%
Film 2007 The Kingdom
13%
Web Series 2023-Present The Last Thing He Told Me
13%
Film 2012 The Odd Life of Timothy Green
13%
Film 2010 Valentine's Day
13%
Film 1997 Washington Square
13%
Film 1998 1999
0%
Documentary Mini-Series 2004 2004 World Series
0%
Award Show 2018 7th Annual NFL Honors
0%
TV Special 2003 ABC's 50th Anniversary Celebration
0%
TV Mini-Series 1999 Aftershock: Earthquake in New York
0%
Film 2017 A Happening of Monumental Proportions
0%
Film 2014 Alexander and the Terrible, Horrible, No Good, Very Bad Day
0%
TV Show 2003 America's Funniest Home Videos
0%
Theater 1995 A Month in the Country
0%
Documentary Mini-Series 2023 Angel City
0%
TV Documentary 2015 A Path Appears
0%
TV Show 2011 A Poem Is...
0%
Documentary Series 2008 Biography
0%
Theater 2007-2008 Cyrano de Bergerac
0%
Film 2013 Dallas Buyers Club
0%
TV Film 1995 Danielle Steel's Zoya
0%
Film TBA Fantasy Camp
0%
TV Show 1998, 1999, 2002 Felicity
0%
Film TBA Fruitcake
0%
Web Special 2020 #Graduation2020: Facebook and Instagram Celebrate the Class of 2020
0%
TV Show 2008 Great Performances
0%
Theater 2024 Gutenberg!
0%
TV Show 2019 Hollywood Game Night
0%
TV Special 2010 Hollywood Salutes Matt Damon: An American Cinematheque Tribute
0%
Web Mini-Series 2020 Home Movie: The Princess Bride
0%
Music Video 2008 I Hate This Part
0%
Short Film 1997 In Harm's Way
0%
TV Special 2021 In Performance at the White House
0%
Documentary 2023 Long Story Short: Willie Nelson 90
0%
TV Show 2003 MADtv
0%
TV Special 2020 Make It Work!
0%
TV Show 2013 Martha Speaks
0%
Documentary Series 2024 Marvel Studios: Assembled
0%
Web Series 2019 Momsplaining with Kristen Bell
0%
TV Show 2012 Movie Surfers
0%
Film TBA Mrs. Claus
0%
TV Special 2020 National Memorial Day Concert
0%
Commercial 2007-2020 Neutrogena
0%
TV Show 2025 On Brand with Jimmy Fallon
0%
TV Show 2003 Player$
0%
TV Special 2015, 2020 Red Nose Day
0%
TV Special 2002 Regis and Kelly in Prime Time
0%
Short Film 2012 Serena
0%
TV Mini-Series 1998 Significant Others
0%
TV Show 1996 Spin City
0%
TV Special 2008, 2018 Stand Up to Cancer
0%
Web Series 2021 Storyline Online
0%
TV Show 1996 Swift Justice
0%
TV Special 2015 The American Cinematheque Tribute to Reese Witherspoon
0%
Film 2004 The Animated Alias: Tribunal
0%
Documentary 2024 The Battle for Brandon
0%
TV Show 2016, 2019 The Dr. Oz Show
0%
Podcast TBA The Good Life
0%
TV Documentary 2020 The Happy Days of Garry Marshall
0%
Film 2009 The Invention of Lying
0%
TV Film 1997 The Player
0%
TV Show 1999 The Pretender
0%
Film 2017 The Tribes of Palos Verdes
0%
TV Special 2015 Think It Up
0%
TV Show 1999-2000 Time of Your Life
0%
TV Show 2004 Total Request Live
0%
Web Series 2022 Upload
0%
TV Special 2020 Variety's Power of Women: Frontline Heroes
0%
Film 2016 Wakefield
0%
TV Show 2007 Wanna Bet?
0%
TV Special 2023 Willie Nelson's 90th Birthday Celebration
0%
Film 2019 Wonder Park
0%
Film 2021 Yes Day
0%
Film TBA Zygote
0%
No matching quizzes found
Score Distribution
Percent of People with Each Score
Percentile by Number Answered
Your Score History
You have not taken this quiz since the last reset